| 000 | 00585nam a2200229 a 4500 | ||
|---|---|---|---|
| 005 | 20140310183519.0 | ||
| 008 | 110720s19uu xx 00 eng d | ||
| 020 | _a0071089241 | ||
| 050 |
_aHB 171.5 _b.Sa25 2001 |
||
| 100 | _aSamuelson, Paul A. | ||
| 245 |
_aEconomics / _cSamuelson, Paul A. |
||
| 250 | _a19th ed. | ||
| 260 |
_aNew York : _bMcGraw-Hill/Irwin, _c2001. |
||
| 300 |
_a715 p. : _bill. ; _c25 cm. |
||
| 521 | _aBSBA | ||
| 650 | _aEconomics. | ||
| 700 | _aNordhaus, William D. | ||
| 942 |
_cBK _2lcc _kFOR |
||
| 999 |
_c24377 _d24377 |
||